| 000 | 00691nam a22002057a 4500 | ||
|---|---|---|---|
| 999 |
_c61672 _d61672 |
||
| 005 | 20240416104323.0 | ||
| 008 | 240416s2007 enk||||| |||| 00| 0 eng d | ||
| 020 | _a9780073028637x | ||
| 041 | _aeng | ||
| 080 | _a612(075.8) P-89 | ||
| 100 |
_aPowers, Scott _921803 |
||
| 245 |
_aExercise Physiology: _bTheory and Application to Fitness and Performance /* _cScott Powers, Edward Howley. |
||
| 250 | _aSixth edition | ||
| 264 |
_aBoston: _bMcGraw-Hill, _c2007. |
||
| 300 |
_a560 p. : _bill.; _c29 cm. |
||
| 653 | _aფიზიოლოგიური ვარჯიში | ||
| 653 | _aფიტნესი | ||
| 700 |
_aHowley, Edward _eავტორი _921804 |
||
| 942 |
_2udc _cBK |
||